000 00232nam a22000977a 4500
999 _c533390
_d533390
040 _cdlc
100 _aJames Naughtie
_927246
245 _aThe Accidental American Tony Blair .................\
300 _a250;p;
942 _2ddc
_cBK